| 000 | 00893nas a2200289 4500 | ||
|---|---|---|---|
| 001 | BR2018000833 | ||
| 003 | BR-BrBNA | ||
| 005 | 20231205131306.0 | ||
| 007 | ta | ||
| 008 | 230509b bl.|||p| |||| 00| 00por d | ||
| 040 |
_aBR-BrBNA _bpor _cBiblioteca Nacional de Agricultura |
||
| 041 | _a(Pt) | ||
| 072 | _aL02 | ||
| 100 | 1 | _aGIotto, F.M. | |
| 100 | 1 | _aOsmari, M.P. | |
| 100 | 1 | _aSalab, B.L. | |
| 100 | 1 | _aMatos, L.F. de | |
| 100 | 1 | _aDiaz, T.G. | |
| 245 | 1 | _aSubproduto do biodiesel na alimentação de ruminantes: o caso da glicerina | |
| 650 | _aRUMINANTE | ||
| 650 | _aNUTRIÇÃO ANIMAL | ||
| 650 | _aGLICERINA | ||
| 650 | _aDIGESTIBILIDADE APARENTE | ||
| 773 | 0 |
_tArquivos de Ciências Veterinárias e Zoologia da Unipar (Brazil) _xISSN 1415-8167 _g(Oct-Dec 2015), v. 18(4) p. 253-257 _wBR2018000833 |
|
| 909 |
_a202311 _bLúcia _c55 _dLúcia Elande |
||
| 942 |
_2AGRIS _n0 _cANA |
||
| 999 |
_c254017 _d254017 |
||